Obec Ťahanovce šetrí, škrtá investície

Bibliographic Details
Format: Article
Language:Slovak
PhysicalDescription:Fotogr.
ISSN:1335-4566
Subjects:

MARC

LEADER 00000nab a2200000 a 4500
001 vtls009496224
003 SK-MaSNL
005 20260303061030.0
008 090428c20090428xo drz 0 0slo
038 |a KEVKJB 
040 |a KEVKJB  |b slo  |c KEVKJB  |e AACR2 
041 0 |a slo 
044 |a xo  |c SK 
080 |a 352  |2 2001 
080 |a 330.322  |2 2001 
245 0 0 |a Obec Ťahanovce šetrí, škrtá investície  |c [autor] (krs) 
300 |b Fotogr. 
650 0 7 |a investície  |2 kevkjb  |9 2292 
651 7 |a Košice (Slovensko)  |2 kevkjb  |9 18694 
651 7 |a Ťahanovce (Košice I, Slovensko)  |2 kevkjb  |9 168684 
773 0 |t Košický Korzár  |g Roč. XII, č. 97 (28.4.2009), s. 2  |x 1335-4566 
852 |a KEVKJB  |b KIS3GCP 
999 |c 1733913  |d 1735843